2023内地GDP万亿城市俱乐部 地雷模式 Mainland cities GDP ≥1T yuan - sudden death - Statistics

General Stats
  • This quiz has been taken 1 225 times
  • The average score is 15 of 26
Answers on the Grid
Answers color-coded by a green-red scale on the quiz's grid according to % correct below.
北京
常州
成都
大连
东莞
佛山
福州
广州
杭州
合肥
济南
昆明
南昌
南京
南通
宁波
青岛
泉州
厦门
上海
绍兴
深圳
沈阳
石家庄
苏州
唐山
天津
潍坊
温州
无锡
武汉
西安
徐州
烟台
盐城
扬州
榆林
长沙
郑州
重庆
 
Answer Stats
Answer % Correct
30356 广州
69%
47219 上海
68%
43761 北京
67%
17421 南京
65%
20059 杭州
64%
20012 武汉
64%
16737 天津
63%
22075 成都
62%
34606 深圳
62%
24653 苏州
62%
30146 重庆
61%
15760 青岛
59%
12010 西安
58%
14332 长沙
57%
13618 郑州
57%
16453 宁波
55%
15456 无锡
55%
12674 合肥
53%
12757 济南
53%
13276 佛山
49%
11438 东莞
48%
10116 常州
46%
12928 福州
46%
12172 泉州
46%
10162 烟台
46%
11813 南通
45%
No matching quizzes found
Score Distribution
Percent of People with Each Score
Percentile by Number Answered
Your Score History
You have not taken this quiz